000
00431nam a2200145Ia 4500
008
100122s9999 xx 000 0 und d
082
_b
16057
_a
823.08
100
_a
आपटे ना ह
245
_a
कथा कौमुदी
260
_b
हिंदुस्थान साहित्य
_c
1970
300
_a
203
630
_a
कथा कौमुदी
730
_a
कथा कौमुदी
942
_c
BOOK
999
_c
406147
_d
406144